000 00762nam a2200241Ia 4500
003 OSt
005 20220923212433.0
006 a|||||r|||| 00| 0
007 ta
008 220922b |||||||| |||| 00| 0 hin d
024 _a152,971
037 _cTextual
040 _aARTS
_cARTS
_bhin
041 _2hin
_ahin
082 _aNT4445, 152M7
100 _aपुरोहित, नारायण दास
245 0 _aहिमाचली लोकरंग
246 _aHimāchalī lokaranga
260 _aदिल्ली
_b साहित्य प्रकाशन
_c1987
300 _a172 पृ.
_ccm.
942 _hNT4445, 152M7
_cTEXL
_2CC
999 _c308619
_d308619